[Event "Pere Noel"]
[Site "Montreal CAN"]
[Date "2002.12.26"]
[Round "1"]
[White "Landry, Sylvain"]
[Black "Leriche, Felix"]
[Result "1/2-1/2"]
[WhiteElo "2007"]
[BlackElo "2157"]
[PlyCount "101"]
[EventDate "2002.12.26"]
[EventType "swiss"]
[EventRounds "5"]
[EventCountry "CAN"]

1. e4 e6 2. d3 b5 3. Nf3 c5 4. g3 Nc6 5. Bg2 g6 6. O-O Bg7 7. Nbd2 Nge7 8. e5
Rb8 9. Ne4 Nxe5 10. Bf4 N7c6 11. Nxc5 d6 12. Nxe5 Nxe5 13. Ne4 d5 14. Nc5 Rb6
15. d4 Nc6 16. c3 b4 17. Re1 O-O 18. Qc1 Re8 19. Nd3 bxc3 20. bxc3 Ba6 21. Nc5
Bc4 22. Bg5 Qd6 23. Bh3 f5 24. Qe3 e5 25. Bf4 Rbb8 26. dxe5 Bxe5 27. Bxe5 Rxe5
28. Qf4 Rxe1+ 29. Rxe1 Qxc5 30. Bxf5 d4 31. Be6+ Bxe6 32. Rxe6 Rb1+ 33. Kg2
Qd5+ 34. Qe4 Qxe4+ 35. Rxe4 dxc3 36. Rc4 Nd4 37. Rxc3 Rg1+ 38. Kh3 g5 39. Rc8+
Kg7 40. Rc7+ Kg6 41. Rxa7 h5 42. Ra6+ Kg7 43. f4 gxf4 44. gxf4 Rg4 45. Ra5 Kg6
46. Rg5+ Rxg5 47. fxg5 Kxg5 48. a4 Nc6 49. Kg3 h4+ 50. Kf3 Kf5 51. h3 1/2-1/2

[Event "Pere Noel"]
[Site "Montreal CAN"]
[Date "2002.12.26"]
[Round "1"]
[White "Rousseau, Daniel"]
[Black "Clyde, Jordan"]
[Result "0-1"]
[WhiteElo "2074"]
[BlackElo "2002"]
[PlyCount "60"]
[EventDate "2002.12.26"]
[EventType "swiss"]
[EventRounds "5"]
[EventCountry "CAN"]

1. e4 g6 2. d4 d6 3. Nc3 Bg7 4. f4 c6 5. Nf3 Bg4 6. Bc4 e6 7. Be3 d5 8. exd5
exd5 9. Bd3 f5 10. Qd2 Bxf3 11. gxf3 Nd7 12. O-O-O Qc7 13. h4 Ndf6 14. h5 Nxh5
15. Bxf5 Ng3 16. Bxg6+ hxg6 17. Rxh8 Bxh8 18. Qh2 Nh5 19. Rg1 Qf7 20. f5 Qxf5
21. Qc7 Qf7 22. Qa5 Ne7 23. Re1 Nf5 24. Na4 Kf8 25. Qb4+ Kg8 26. Bf2 b6 27. Qd2
Bg7 28. Kb1 Re8 29. Rg1 Bh6 30. Qd1 Ne3 0-1

[Event "Pere Noel"]
[Site "Montreal CAN"]
[Date "2002.12.27"]
[Round "2"]
[White "Dumesnil, Etienne"]
[Black "Rousseau, Daniel"]
[Result "0-1"]
[WhiteElo "1922"]
[BlackElo "2074"]
[PlyCount "42"]
[EventDate "2002.12.26"]
[EventType "swiss"]
[EventRounds "5"]
[EventCountry "CAN"]

1. g3 d5 2. f3 h5 3. Nh3 h4 4. g4 c5 5. d3 Qc7 6. Nc3 e6 7. Bf4 Qb6 8. Qd2 Bd7
9. Bg2 Ne7 10. O-O Na6 11. Rad1 f6 12. Qc1 g5 13. Bd2 e5 14. Bxg5 fxg5 15. Qxg5
Qe6 16. f4 O-O-O 17. fxe5 Rg8 18. Qxh4 Rxg4 19. Qf6 Qg8 20. Nf4 Nc7 21. Kh1 Ne8
0-1

[Event "Pere Noel"]
[Site "Montreal CAN"]
[Date "2002.12.27"]
[Round "2"]
[White "Lacoste, Donald"]
[Black "Blais, Georges"]
[Result "0-1"]
[WhiteElo "1826"]
[BlackElo "1648"]
[PlyCount "42"]
[EventDate "2002.12.26"]
[EventType "swiss"]
[EventRounds "5"]
[EventCountry "CAN"]
[TimeControl "30/90:0"]

1. d4 Nf6 2. c4 e5 3. dxe5 Ng4 4. Qd4 d6 5. exd6 Nc6 6. Qd1 Bxd6 7. Nf3 Nxf2 8.
Kxf2 Bg3+ 9. hxg3 Qxd1 10. Nc3 Qc2 11. Rh4 Be6 12. Nb5 Rc8 13. Bf4 Qxb2 14. Rd1
Ke7 15. Rd2 Qb1 16. e3 Rhd8 17. Rxd8 Rxd8 18. Bxc7 Rd1 19. Be2 Rh1 20. Rxh1
Qxh1 21. Bd6+ Kd7 0-1

[Event "Pere Noel"]
[Site "Montreal CAN"]
[Date "2002.12.27"]
[Round "2"]
[White "Laframboise, Marc-Andre"]
[Black "Landry, Sylvain"]
[Result "1-0"]
[WhiteElo "2106"]
[BlackElo "2007"]
[PlyCount "75"]
[EventDate "2002.12.26"]
[EventType "swiss"]
[EventRounds "5"]
[EventCountry "CAN"]

1. d4 d5 2. c4 e6 3. Nc3 Nf6 4. cxd5 exd5 5. Bg5 Nbd7 6. e3 Be7 7. Bd3 c6 8.
Qc2 O-O 9. Nge2 Re8 10. f3 h6 11. Bh4 Nh5 12. Bf2 b5 13. O-O Bb7 14. e4 dxe4
15. fxe4 Rc8 16. Qb3 Nf8 17. e5 Ne6 18. Bf5 Bg5 19. Ne4 Rc7 20. Nd6 Ree7 21. h4
Bf4 22. Bxe6 Rxe6 23. Qf3 Bxe5 24. Nxb7 Rxb7 25. Qxh5 Bb8 26. d5 Re5 27. Qf3
Rxd5 28. Nc3 Qd6 29. Qh3 Rd3 30. Ne4 Qe5 31. Qc8+ Kh7 32. Bg3 Rxg3 33. Nxg3
Qe3+ 34. Kh1 Qxg3 35. Qh3 Qxh3+ 36. gxh3 Re7 37. Rac1 Re6 38. Rxf7 1-0

[Event "Pere Noel"]
[Site "Montreal CAN"]
[Date "2002.12.28"]
[Round "3"]
[White "Landry, Sylvain"]
[Black "Singher, Jean-Pierre"]
[Result "0-1"]
[WhiteElo "2007"]
[BlackElo "2013"]
[PlyCount "106"]
[EventDate "2002.12.26"]
[EventType "swiss"]
[EventRounds "5"]
[EventCountry "CAN"]

1. e4 c5 2. Nf3 d6 3. d4 cxd4 4. Nxd4 Nf6 5. Nc3 a6 6. Be3 e6 7. f3 Nc6 8. Qd2
Be7 9. O-O-O Qa5 10. Kb1 Bd7 11. g4 h6 12. Rg1 g5 13. Be2 Rc8 14. Nb3 Qc7 15.
Na4 Nb4 16. c4 Bxa4 17. Qxb4 b5 18. Rc1 d5 19. c5 Bxb3 20. axb3 dxe4 21. fxe4
Qxh2 22. Bf3 Qe5 23. Rh1 Qg3 24. Rcf1 Nd7 25. Qa5 Nxc5 26. Bxc5 Rxc5 27. Qxa6
Qe5 28. Qa8+ Kd7 29. Rd1+ Bd6 30. Qb7+ Rc7 31. Qb6 Ke7 32. Rd2 Qc5 33. Qxc5
Rxc5 34. Rhd1 Be5 35. Rd7+ Kf6 36. Rb7 Rhc8 37. Ka2 Rc2 38. Rdd7 Ra8+ 39. Ra7
Rxb2+ 40. Ka3 Rxa7+ 41. Rxa7 Rf2 42. Bd1 Bd6+ 43. b4 Rd2 44. Bb3 Rd4 45. e5+
Kxe5 46. Rxf7 Rxb4 47. Rg7 Rxg4+ 48. Ka2 Rg2+ 49. Kb1 Ba3 50. Ba2 Rb2+ 51. Ka1
Rh2 52. Bb3 Bb2+ 53. Ka2 Bd4+ 0-1

[Event "Pere Noel"]
[Site "Montreal CAN"]
[Date "2002.12.28"]
[Round "3"]
[White "Rousseau, Daniel"]
[Black "Arsenault, Nicolas"]
[Result "1-0"]
[WhiteElo "2074"]
[BlackElo "1992"]
[PlyCount "135"]
[EventDate "2002.12.26"]
[EventType "swiss"]
[EventRounds "5"]
[EventCountry "CAN"]

1. e4 e6 2. d4 d5 3. Nc3 Nf6 4. e5 Nfd7 5. f4 c5 6. Nf3 Nc6 7. Be3 a6 8. Qd2 b5
9. h4 cxd4 10. Nxd4 Nxd4 11. Bxd4 Bc5 12. O-O-O Qb6 13. Rh3 Bxd4 14. Qxd4 Qxd4
15. Rxd4 O-O 16. a4 bxa4 17. Rxa4 f6 18. exf6 Rxf6 19. Re3 Nc5 20. Rd4 Bd7 21.
g3 a5 22. Bh3 g6 23. Bg2 Rb8 24. Ne2 Rb6 25. b3 Rf8 26. Rc3 Rc8 27. g4 Bb5 28.
Kd2 Rbc6 29. f5 Bxe2 30. Kxe2 Ne4 31. Rxc6 Rxc6 32. Bxe4 dxe4 33. fxe6 Rxe6 34.
Ke3 Rc6 35. Rd2 Rc3+ 36. Kxe4 Rh3 37. Ke5 Rf3 38. Rd8+ Kf7 39. Rd7+ Kg8 40. Rc7
Rf2 41. Rc5 Kg7 42. Ke4 Rh2 43. Rc7+ Kg8 44. Ke5 Rf2 45. Rc4 Kg7 46. g5 Rf7 47.
Kd4 h6 48. gxh6+ Kxh6 49. Kc3 Rf5 50. Rd4 Kh5 51. b4 Rf3+ 52. Kc4 axb4 53. Kxb4
g5 54. hxg5 Kxg5 55. c4 Kf6 56. c5 Ke6 57. c6 Rf1 58. Kc5 Rc1+ 59. Kb6 Rb1+ 60.
Kc7 Ke5 61. Rd7 Rc1 62. Kb7 Ke6 63. Rd8 Rb1+ 64. Kc8 Rc1 65. c7 Ke7 66. Kb7
Rb1+ 67. Ka6 Ra1+ 68. Kb5 1-0

[Event "Pere Noel"]
[Site "Montreal CAN"]
[Date "2002.12.29"]
[Round "4"]
[White "Rousseau, Daniel"]
[Black "Gilman, Arkadiy"]
[Result "0-1"]
[WhiteElo "2074"]
[BlackElo "2037"]
[PlyCount "70"]
[EventDate "2002.12.26"]
[EventType "swiss"]
[EventRounds "5"]
[EventCountry "CAN"]

1. e4 e6 2. d4 d5 3. Nc3 Nf6 4. e5 Nfd7 5. f4 c5 6. Nf3 Nc6 7. Be3 cxd4 8. Nxd4
Bc5 9. Qd2 a6 10. O-O-O Nxd4 11. Bxd4 b5 12. h4 b4 13. Na4 Bxd4 14. Qxd4 Qa5
15. b3 Bb7 16. Nb2 O-O 17. Nd3 Qxa2 18. Nxb4 Qa3+ 19. Kd2 a5 20. Nd3 Rfc8 21.
Ra1 Qe7 22. g4 Nc5 23. Nxc5 Rxc5 24. g5 Qc7 25. Bd3 Rc8 26. Rac1 Qb6 27. c3 Ba6
28. Bxa6 Qxa6 29. h5 Qb7 30. f5 Qxb3 31. g6 Rc4 32. Qf2 Rxc3 33. gxf7+ Kf8 34.
Rxc3 Qxc3+ 35. Ke2 Qxe5+ 0-1

[Event "Pere Noel"]
[Site "Montreal CAN"]
[Date "2002.12.29"]
[Round "4"]
[White "Samson, Gaetan"]
[Black "Landry, Sylvain"]
[Result "0-1"]
[WhiteElo "1951"]
[BlackElo "2007"]
[PlyCount "98"]
[EventDate "2002.12.26"]
[EventType "swiss"]
[EventRounds "5"]
[EventCountry "CAN"]

1. e4 e5 2. Nf3 Nc6 3. Bb5 a6 4. Ba4 Nf6 5. O-O Be7 6. Re1 b5 7. Bb3 d6 8. c3
O-O 9. h3 Bb7 10. d4 Re8 11. Nbd2 Bf8 12. Bc2 h6 13. Nf1 exd4 14. cxd4 Nb4 15.
Ng3 Nxc2 16. Qxc2 g6 17. Bd2 c5 18. dxc5 dxc5 19. Bc3 Qb6 20. Rad1 Bg7 21. Be5
Rad8 22. Rxd8 Rxd8 23. Bxf6 Qxf6 24. e5 Qe6 25. Qxc5 Bxf3 26. gxf3 Rd5 27. Qa7
Rxe5 28. Rxe5 Bxe5 29. Ne4 Bxb2 30. Kg2 Qxa2 31. Nd6 a5 32. Qb8+ Kg7 33. Qxb5
a4 34. h4 Bd4 35. Ne4 Qb3 36. Qd7 Be5 37. h5 g5 38. Nc5 Qc4 39. Nxa4 Bd4 40. f4
gxf4 41. Qg4+ Kf8 42. Qxf4 Qxa4 43. Qxh6+ Ke8 44. Qg5 Qc6+ 45. Kf1 Qf6 46. Qg3
Kf8 47. f4 Be5 48. Qa3+ Bd6 49. Qa8+ Kg7 0-1

[Event "Pere Noel"]
[Site "Montreal CAN"]
[Date "2002.12.30"]
[Round "5"]
[White "Landry, Sylvain"]
[Black "Arsenault, Nicolas"]
[Result "0-1"]
[WhiteElo "2007"]
[BlackElo "1992"]
[PlyCount "64"]
[EventDate "2002.12.26"]
[EventType "swiss"]
[EventRounds "5"]
[EventCountry "CAN"]

1. e4 e6 2. d3 d5 3. Nd2 Nf6 4. Ngf3 b6 5. e5 Nfd7 6. g3 c5 7. Bg2 Nc6 8. Qe2
Bb7 9. O-O Qc7 10. Re1 Be7 11. h4 O-O-O 12. Nf1 h6 13. Bf4 Rdg8 14. Qd2 Qd8 15.
h5 g5 16. hxg6 Rxg6 17. d4 h5 18. N1h2 Qg8 19. c4 dxc4 20. Rac1 h4 21. Rxc4
hxg3 22. fxg3 Na5 23. Rc3 Kb8 24. dxc5 Nxc5 25. Nd4 Na4 26. Bxb7 Nxc3 27. Qxc3
Kxb7 28. b4 Bxb4 29. Qxb4 Rxg3+ 30. Bxg3 Qxg3+ 31. Kf1 Rxh2 32. Qe7+ Ka6 0-1

[Event "Pere Noel"]
[Site "Montreal CAN"]
[Date "2002.12.30"]
[Round "5"]
[White "Ramaswamy, Kishor"]
[Black "Rousseau, Daniel"]
[Result "0-1"]
[WhiteElo "1959"]
[BlackElo "2074"]
[PlyCount "104"]
[EventDate "2002.12.26"]
[EventType "swiss"]
[EventRounds "5"]
[EventCountry "CAN"]

1. d4 Nf6 2. Nf3 g6 3. Bg5 Bg7 4. Nbd2 d6 5. e3 O-O 6. c3 Nbd7 7. Bc4 c5 8. O-O
Qc7 9. Qc2 Nb6 10. Bd3 Bd7 11. a4 cxd4 12. exd4 Nbd5 13. Rfe1 Rfe8 14. Nc4 h6
15. Bh4 Nf4 16. Bf1 Bf5 17. Qd1 g5 18. Bg3 N4d5 19. Ne3 Bg6 20. Nd2 Rad8 21.
Bb5 Rf8 22. Be2 Nf4 23. Bxf4 gxf4 24. Nec4 e5 25. Na3 a6 26. Bf3 Rfe8 27. Ne4
Bxe4 28. Bxe4 d5 29. Bd3 e4 30. Bf1 Re6 31. Nc2 h5 32. f3 e3 33. Nb4 Bh6 34.
Nd3 Ne8 35. Nc5 Rg6 36. Bd3 Rg7 37. Qb3 Qe7 38. Qxb7 Qg5 39. Bf1 Nd6 40. Qxa6
Nf5 41. Qe2 Re8 42. Qc2 Nh4 43. Qe2 Kh8 44. b4 Qf5 45. Ra2 Reg8 46. a5 Qh3 47.
g3 Rxg3+ 48. hxg3 Qxg3+ 49. Bg2 Nxg2 50. Qxg2 Qxe1+ 51. Kh2 Rxg2+ 52. Rxg2 e2
0-1

[Event "Pere Noel U2000"]
[Site "Montreal CAN"]
[Date "2002.12.26"]
[Round "1"]
[White "Mathieu, Jean Phillipe"]
[Black "Morin, Louis"]
[Result "1/2-1/2"]
[WhiteElo "1773"]
[BlackElo "1980"]
[PlyCount "87"]
[EventDate "2002.12.26"]
[EventType "swiss"]
[EventRounds "5"]
[EventCountry "CAN"]

1. e4 e5 2. Nf3 d6 3. d4 Nf6 4. Nc3 Nbd7 5. Bg5 Be7 6. dxe5 dxe5 7. Bxf6 Bxf6
8. Bc4 O-O 9. Qe2 c6 10. O-O b5 11. Bb3 Nc5 12. Rfd1 Qe7 13. Qe3 a5 14. a3 Nxb3
15. cxb3 Be6 16. Ne2 c5 17. Nc3 Bxb3 18. Nd5 Bxd5 19. Rxd5 Rfc8 20. Rc1 Rc7 21.
Rcxc5 Rac8 22. Rxc7 Qxc7 23. g3 b4 24. axb4 axb4 25. g4 g6 26. Kg2 Qc2 27. Rd2
Qb1 28. Qd3 Qxd3 29. Rxd3 Rc2 30. Rb3 Rc4 31. Re3 Kf8 32. g5 Bg7 33. Ne1 Ke7
34. f3 Ke6 35. Re2 Kd6 36. Rd2+ Ke6 37. Rd8 Ke7 38. Rb8 h6 39. gxh6 Bxh6 40.
Nd3 Bd2 41. Kg3 f6 42. Rb7+ Kd6 43. Rb6+ Rc6 44. Rb5 1/2-1/2

[Event "Pere Noel U2000"]
[Site "Montreal CAN"]
[Date "2002.12.27"]
[Round "2"]
[White "Morin, Louis"]
[Black "Rodriguez, Herver"]
[Result "1-0"]
[WhiteElo "1980"]
[BlackElo "1760"]
[PlyCount "29"]
[EventDate "2002.12.26"]
[EventType "swiss"]
[EventRounds "5"]
[EventCountry "CAN"]

1. e4 c5 2. d4 e6 3. Nf3 cxd4 4. c3 dxc3 5. Nxc3 a6 6. Bc4 Qc7 7. Qe2 Nc6 8.
O-O d6 9. Bf4 Nf6 10. Rac1 Be7 11. Rfd1 Ne5 12. Bxe5 dxe5 13. Nb5 Qb8 14. Nc7+
Qxc7 15. Bb5+ 1-0

[Event "Pere Noel U2000"]
[Site "Montreal CAN"]
[Date "2002.12.28"]
[Round "3"]
[White "Poirier, Erik"]
[Black "Morin, Louis"]
[Result "1-0"]
[WhiteElo "1830"]
[BlackElo "1980"]
[PlyCount "103"]
[EventDate "2002.12.26"]
[EventType "swiss"]
[EventRounds "5"]
[EventCountry "CAN"]

1. d4 d5 2. c4 e6 3. Nc3 c5 4. cxd5 exd5 5. Nf3 Nc6 6. g3 Nf6 7. Bg5 cxd4 8.
Nxd4 Bc5 9. Nxc6 bxc6 10. e3 h6 11. Bxf6 Qxf6 12. Bg2 O-O 13. O-O Rb8 14. Qe2
Rb4 15. Rac1 Bb6 16. a3 Rc4 17. Qd2 Bf5 18. b3 Rg4 19. Ne2 Re8 20. Qc3 Qxc3 21.
Rxc3 Bd7 22. Bh3 Rxg3+ 23. Nxg3 Bxh3 24. Rd1 Bd7 25. b4 g6 26. Ne2 Bg4 27. Rd2
Bd7 28. Rdc2 Bf5 29. Rc1 Bd7 30. Kf1 Bh3+ 31. Ke1 d4 32. exd4 Bg4 33. f3 Bd7
34. Kd2 Bd8 35. Re3 Rxe3 36. Kxe3 Bg5+ 37. f4 Be7 38. Ng3 Kg7 39. Ne4 Be8 40.
Nc5 Kf6 41. Kf3 Kf5 42. Re1 Kf6 43. Re5 Bxc5 44. Rxc5 Bd7 45. Ra5 Be6 46. Rxa7
g5 47. fxg5+ hxg5 48. Ra5 Bd5+ 49. Kg4 Kg6 50. Rxd5 cxd5 51. b5 f5+ 52. Kf3 1-0

[Event "Premiere Neige"]
[Site "Montreal CAN"]
[Date "2002.12.06"]
[Round "1"]
[White "Rivest, Jean-Michel"]
[Black "Bolduc, Steve"]
[Result "1/2-1/2"]
[WhiteElo "1723"]
[BlackElo "2215"]
[PlyCount "66"]
[EventDate "2002.12.06"]
[EventType "swiss"]
[EventRounds "5"]
[EventCountry "CAN"]

1. e4 c5 2. Nf3 Nc6 3. d4 cxd4 4. Nxd4 Nf6 5. Nc3 e5 6. Ndb5 d6 7. Bg5 a6 8.
Na3 b5 9. Nd5 Be7 10. Bxf6 Bxf6 11. c3 O-O 12. Nc2 Rb8 13. Be2 Bg5 14. O-O f5
15. exf5 Bxf5 16. Nce3 Bg6 17. a4 e4 18. axb5 axb5 19. Qb3 Kh8 20. Bxb5 Ne5 21.
Ra7 Bxe3 22. fxe3 Rxf1+ 23. Kxf1 Qh4 24. Be2 Rf8+ 25. Nf4 Qxh2 26. Qb7 Qh1+ 27.
Kf2 Qh4+ 28. Kf1 Rg8 29. Nxg6+ Nxg6 30. Ra8 Qh1+ 31. Kf2 Qh4+ 32. Kf1 Qh1+ 33.
Kf2 Qh4+ 1/2-1/2

[Event "Premiere Neige"]
[Site "Montreal CAN"]
[Date "2002.12.07"]
[Round "2"]
[White "Bolduc, Steve"]
[Black "Arsenault, Nicolas"]
[Result "1/2-1/2"]
[WhiteElo "2215"]
[BlackElo "1984"]
[PlyCount "118"]
[EventDate "2002.12.06"]
[EventType "swiss"]
[EventRounds "5"]
[EventCountry "CAN"]

1. d4 Nf6 2. Nf3 g6 3. g3 Bg7 4. Bg2 O-O 5. O-O d5 6. c4 c6 7. Ne5 Ng4 8. Nxg4
Bxg4 9. cxd5 cxd5 10. Nc3 Nc6 11. Be3 Be6 12. Qd2 Qd7 13. Rfd1 Rfd8 14. Rac1
Rac8 15. f3 Bh3 16. Bf2 Bxg2 17. Kxg2 e6 18. g4 Qe7 19. e3 b6 20. Qe2 Na5 21.
Qa6 Qb7 22. Qxb7 Nxb7 23. Nb5 a5 24. Bg3 Bh6 25. Kf2 Rc4 26. b3 Rb4 27. Na7 Ra8
28. Nc6 Rb5 29. Rc3 a4 30. b4 a3 31. Rdd3 Bf8 32. Rxa3 Rxa3 33. Rxa3 Na5 34.
Nxa5 Bxb4 35. Rb3 bxa5 36. Ke2 Rb6 37. Be1 Rc6 38. Bxb4 axb4 39. Kd2 Ra6 40.
Rb2 Ra3 41. h4 h6 42. Ke2 g5 43. hxg5 hxg5 44. Kf2 Kg7 45. f4 gxf4 46. exf4 Rd3
47. Rxb4 Rd2+ 48. Ke3 Rxa2 49. f5 exf5 50. gxf5 Kf6 51. Rb5 Kxf5 52. Rxd5+ Ke6
53. Re5+ Kd6 54. Rh5 Ra1 55. Rh7 Ke6 56. Rh6+ Kf5 57. Rh5+ Ke6 58. Rh6+ Kf5 59.
d5 Ke5 1/2-1/2

[Event "Premiere Neige"]
[Site "Montreal CAN"]
[Date "2002.12.07"]
[Round "2"]
[White "Dupuis, Stephane"]
[Black "Lawson, Eric"]
[Result "0-1"]
[WhiteElo "2224"]
[BlackElo "2278"]
[PlyCount "72"]
[EventDate "2002.12.06"]
[EventType "swiss"]
[EventRounds "5"]
[EventCountry "CAN"]

1. d4 g6 2. c4 Bg7 3. e4 d6 4. Nc3 e6 5. Nf3 b6 6. Be2 Ne7 7. Bg5 h6 8. Be3 Nd7
9. Qc2 Bb7 10. O-O-O a6 11. Kb1 O-O 12. h4 f5 13. d5 f4 14. Bc1 e5 15. Nd2 Nf6
16. b4 a5 17. a3 axb4 18. axb4 c5 19. b5 Bc8 20. Nb3 Qe8 21. Bd2 g5 22. Kb2 Qg6
23. hxg5 hxg5 24. Ra1 Rxa1 25. Rxa1 g4 26. Ra7 Rf7 27. Qb1 Qh7 28. Ra8 Qh2 29.
Na4 Qxg2 30. Nxb6 Rf8 31. Nxc8 Nxc8 32. Be1 g3 33. Bd3 gxf2 34. Bd2 Nxe4 35.
Bxe4 f1=Q 36. Qxf1 Qxf1 0-1

[Event "Premiere Neige"]
[Site "Montreal CAN"]
[Date "2002.12.07"]
[Round "3"]
[White "Bolduc, Steve"]
[Black "Furger, Josef"]
[Result "0-1"]
[WhiteElo "2215"]
[BlackElo "1339"]
[PlyCount "82"]
[EventDate "2002.12.06"]
[EventType "swiss"]
[EventRounds "5"]
[EventCountry "CAN"]

1. d4 f5 2. Nf3 Nf6 3. g3 e6 4. Bg2 c6 5. O-O Be7 6. c4 d5 7. Nc3 O-O 8. b3 Bd7
9. Ne5 Be8 10. Bb2 Nbd7 11. Nd3 Rc8 12. f3 Bd6 13. e4 fxe4 14. fxe4 Bh5 15. Qd2
Ne8 16. cxd5 exd5 17. exd5 Nef6 18. dxc6 bxc6 19. Rae1 Bf7 20. Ne5 Nxe5 21. Kh1
Ng6 22. Re2 Qc7 23. d5 Nxd5 24. Rxf7 Rxf7 25. Nxd5 cxd5 26. Bxd5 Bc5 27. Qc3
Kh8 28. b4 Rf1+ 29. Kg2 Rg1+ 30. Kh3 Bd6 31. Qd4 Rf1 32. Qe3 Rcf8 33. Kg2 Qe7
34. Qd2 Qc7 35. Qe3 Bxb4 36. Be4 Bc5 37. Qh6 R1f2+ 38. Kh3 Qd7+ 39. g4 Bd4 40.
Rxf2 Rxf2 41. Qh5 Nf4+ 0-1

[Event "Premiere Neige"]
[Site "Montreal CAN"]
[Date "2002.12.07"]
[Round "3"]
[White "Lawson, Eric"]
[Black "Girard, Robin"]
[Result "1-0"]
[WhiteElo "2278"]
[BlackElo "2213"]
[PlyCount "33"]
[EventDate "2002.12.06"]
[EventType "swiss"]
[EventRounds "5"]
[EventCountry "CAN"]

1. d4 Nf6 2. Bg5 c5 3. d5 Qb6 4. Nc3 Qxb2 5. Bd2 Qb6 6. e4 d6 7. f4 g6 8. e5
dxe5 9. fxe5 Nfd7 10. Nf3 Bg7 11. Rb1 Qd8 12. e6 fxe6 13. Ng5 Bxc3 14. Bxc3 Nf6
15. Bb5+ Kf8 16. d6 e5 17. d7 1-0

[Event "Quebec-ch 1/2 final"]
[Site "Montreal CAN"]
[Date "2002.06.07"]
[Round "1"]
[White "Chabot, Roland"]
[Black "Forget, Luc"]
[Result "1-0"]
[WhiteElo "2127"]
[BlackElo "1842"]
[PlyCount "57"]
[EventDate "2002.06.07"]
[EventType "swiss"]
[EventRounds "5"]
[EventCountry "CAN"]

1. d4 Nf6 2. c4 e6 3. Nc3 Bb4 4. e3 c5 5. Bd3 Nc6 6. Nf3 O-O 7. O-O d5 8. a3
Bxc3 9. bxc3 b6 10. cxd5 exd5 11. Nd2 Re8 12. Bb2 a6 13. a4 Ra7 14. Re1 cxd4
15. cxd4 Nb4 16. Bb1 a5 17. Nf1 Ba6 18. f3 Rae7 19. Qd2 Qc8 20. Ng3 g6 21. Rc1
Qe6 22. e4 dxe4 23. fxe4 Qg4 24. Ra3 Nh5 25. Nxh5 Qxh5 26. d5 Nxd5 27. Qd4 f6
28. Ba2 Bb7 29. Qxf6 1-0

[Event "Quebec-ch 1/2 final"]
[Site "Montreal CAN"]
[Date "2002.06.07"]
[Round "1"]
[White "Fortier, Marc-Andre"]
[Black "Trottier, Yves"]
[Result "1-0"]
[WhiteElo "2176"]
[BlackElo "1939"]
[PlyCount "77"]
[EventDate "2002.06.07"]
[EventType "swiss"]
[EventRounds "5"]
[EventCountry "CAN"]

1. e4 e5 2. Nf3 Nf6 3. Nc3 Nc6 4. Bc4 Nxe4 5. Nxe4 d5 6. Bd3 dxe4 7. Bxe4 Bd6
8. O-O Bg4 9. h3 Bh5 10. c3 Qd7 11. Nxe5 Bxd1 12. Nxd7 Bh5 13. Bxc6 bxc6 14.
Ne5 Bxe5 15. Re1 f6 16. d4 O-O-O 17. dxe5 Rhe8 18. g4 Bf7 19. Bf4 fxe5 20. Bxe5
g6 21. Bd4 Rxe1+ 22. Rxe1 Bxa2 23. Bxa7 Kd7 24. b4 Re8 25. Be3 Be6 26. Kg2 h5
27. Kg3 hxg4 28. hxg4 Bb3 29. Kf4 Bc2 30. Rc1 Rf8+ 31. Kg5 Be4 32. f4 Rf7 33.
Bd4 Kc8 34. Re1 Bc2 35. Bf6 Kd7 36. Re2 Bb1 37. Rd2+ Ke6 38. f5+ gxf5 39. gxf5+
1-0

[Event "Quebec-ch 1/2 final"]
[Site "Montreal CAN"]
[Date "2002.06.07"]
[Round "1"]
[White "Khaziyeva, Dinara"]
[Black "Hua, Lefong"]
[Result "1/2-1/2"]
[WhiteElo "2056"]
[BlackElo "2307"]
[PlyCount "65"]
[EventDate "2002.06.07"]
[EventType "swiss"]
[EventRounds "5"]
[EventCountry "CAN"]

1. b3 c5 2. Bb2 Nc6 3. e3 Nf6 4. Nf3 g6 5. Bb5 Bg7 6. O-O O-O 7. Bxc6 bxc6 8.
c4 d6 9. h3 e5 10. d3 Qe7 11. Nbd2 Nh5 12. Qc2 f5 13. a3 a5 14. b4 axb4 15.
axb4 Rxa1 16. Bxa1 cxb4 17. c5 d5 18. Rb1 Ba6 19. Rxb4 e4 20. Bxg7 Nxg7 21.
dxe4 fxe4 22. Nd4 Bd3 23. Qc1 Qf6 24. Qe1 Nf5 25. N2b3 Nh4 26. Rb6 Nxg2 27.
Kxg2 Qg5+ 28. Kh1 Qh4 29. Qg1 Rxf2 30. Rb8+ Kf7 31. Rb7+ Kg8 32. Rb8+ Kf7 33.
Rb7+ 1/2-1/2

[Event "Quebec-ch 1/2 final"]
[Site "Montreal CAN"]
[Date "2002.06.07"]
[Round "1"]
[White "Liard, Serge"]
[Black "Tomb, Maroun"]
[Result "0-1"]
[WhiteElo "1973"]
[BlackElo "2189"]
[PlyCount "78"]
[EventDate "2002.06.07"]
[EventType "swiss"]
[EventRounds "5"]
[EventCountry "CAN"]

1. e4 c5 2. Nf3 d6 3. c4 Nc6 4. Nc3 g6 5. h3 Bg7 6. g3 b6 7. Bg2 Bb7 8. O-O e6
9. d3 Nge7 10. Bg5 Qd7 11. Re1 O-O 12. Qc1 Ne5 13. Rd1 N7c6 14. Ne1 Nd4 15. Bh6
a6 16. Bxg7 Kxg7 17. f4 Nec6 18. Qe3 b5 19. Rd2 Rfe8 20. g4 f5 21. Qg3 b4 22.
Nd1 Kh8 23. Ne3 Rg8 24. Nf3 Raf8 25. Rf1 e5 26. Nd5 Nxf3+ 27. Rxf3 Nd4 28. Rf1
Bxd5 29. exd5 exf4 30. Rxf4 g5 31. Rf1 f4 32. Qf2 f3 33. Bh1 h5 34. Qh2 h4 35.
Kf2 Rf4 36. Re1 Re8 37. Rxe8+ Qxe8 38. Qg1 Rf7 39. Qd1 Qe5 0-1

[Event "Quebec-ch 1/2 final"]
[Site "Montreal CAN"]
[Date "2002.06.07"]
[Round "1"]
[White "Pageau, Roger"]
[Black "Moisan-Plante, Marc-Olivier"]
[Result "1-0"]
[WhiteElo "1901"]
[BlackElo "2137"]
[PlyCount "59"]
[EventDate "2002.06.07"]
[EventType "swiss"]
[EventRounds "5"]
[EventCountry "CAN"]

1. d4 Nf6 2. Bf4 g6 3. Nf3 Bg7 4. h3 d6 5. e3 O-O 6. c3 Nc6 7. Bb5 a6 8. Ba4
Bf5 9. g4 Bd7 10. Nbd2 Qe8 11. Bc2 e5 12. dxe5 Nxe5 13. Nxe5 dxe5 14. Bg3 Rd8
15. Qe2 Bc6 16. O-O Bb5 17. c4 Bc6 18. Rad1 Qe7 19. Rfe1 Qe6 20. Kh2 h6 21. f3
h5 22. g5 Nh7 23. h4 f6 24. Bxg6 fxg5 25. Bxh7+ Kxh7 26. hxg5 Rxd2 27. Rxd2
Bxf3 28. Qd3+ e4 29. Qd7 Qxc4 30. Qxc7 1-0

[Event "Quebec-ch 1/2 final"]
[Site "Montreal CAN"]
[Date "2002.06.07"]
[Round "1"]
[White "Picard, Christian"]
[Black "Masse, Hugues"]
[Result "0-1"]
[WhiteElo "1666"]
[BlackElo "2101"]
[PlyCount "56"]
[EventDate "2002.06.07"]
[EventType "swiss"]
[EventRounds "5"]
[EventCountry "CAN"]

1. e4 c5 2. Nc3 e6 3. f4 d5 4. Bb5+ Bd7 5. Bxd7+ Qxd7 6. d3 Nc6 7. Nf3 g6 8.
O-O Bg7 9. Kh1 Nge7 10. Bd2 O-O 11. Qe1 Nd4 12. Nxd4 cxd4 13. Nd1 Rac8 14. Rc1
Qa4 15. f5 exf5 16. exf5 Nxf5 17. Nf2 Rfe8 18. Qd1 Ne3 19. Qf3 Nxf1 20. Rxf1
Rxc2 21. Bg5 Qd7 22. Ng4 f5 23. Nf6+ Bxf6 24. Bxf6 Re3 25. Qf4 Rxd3 26. Qb8+
Rc8 27. Qf4 Qe6 28. Bxd4 Qe4 0-1

[Event "Quebec-ch 1/2 final"]
[Site "Montreal CAN"]
[Date "2002.06.07"]
[Round "1"]
[White "Singher, Jean-Pierre"]
[Black "Bolduc, Steve"]
[Result "0-1"]
[WhiteElo "1981"]
[BlackElo "2245"]
[PlyCount "70"]
[EventDate "2002.06.07"]
[EventType "swiss"]
[EventRounds "5"]
[EventCountry "CAN"]

1. d4 Nf6 2. c4 c5 3. e3 g6 4. Nc3 Bg7 5. Nf3 O-O 6. Be2 a6 7. O-O Qc7 8. b3
Rd8 9. Ba3 b6 10. Rc1 d6 11. d5 Bd7 12. b4 Be8 13. bxc5 bxc5 14. Bb2 Nbd7 15.
Qc2 Rdb8 16. Ba1 Qa5 17. h3 Rb4 18. Nd2 Rab8 19. f4 Qc7 20. g4 Nf8 21. g5 N6d7
22. e4 Qb7 23. Nf3 Nb6 24. a3 Rxc4 25. Bxc4 Nxc4 26. Rb1 Qc7 27. Rxb8 Qxb8 28.
Rb1 Qc8 29. Qa2 Qxh3 30. Kf2 Ne3 31. Qe2 Ng4+ 32. Ke1 Qg3+ 33. Kd1 Qxf4 34. Rb8
Bxc3 35. Bxc3 Ba4+ 0-1